Let's learn english : (Record no. 105379)
[ view plain ]
| 000 -LEADER | |
|---|---|
| fixed length control field | 00432nam a2200145 a 4500 |
| 005 - DATE AND TIME OF LATEST TRANSACTION | |
| control field | 20140412111354.0 |
| 008 - FIXED-LENGTH DATA ELEMENTS--GENERAL INFORMATION | |
| fixed length control field | 050704s19uu xx 00 eng d |
| 020 ## - INTERNATIONAL STANDARD BOOK NUMBER | |
| International Standard Book Number | 0-673-18371-8 |
| 050 ## - LIBRARY OF CONGRESS CALL NUMBER | |
| Classification number | TR(GS 420.7 |
| Item number | P41 1987 |
| 100 ## - MAIN ENTRY--PERSONAL NAME | |
| Personal name | Perez, Yvonne |
| 245 ## - TITLE STATEMENT | |
| Title | Let's learn english : |
| Remainder of title | Second language activities for the primary grades / |
| Statement of responsibility, etc | Yvonne Perez. |
| 260 ## - PUBLICATION, DISTRIBUTION, ETC. (IMPRINT) | |
| Place of publication, distribution, etc | U.S.A : |
| Name of publisher, distributor, etc | Scott Foresman, |
| Date of publication, distribution, etc | 1987. |
| 300 ## - PHYSICAL DESCRIPTION | |
| Extent | 91 |
| Withdrawn status | Lost status | Damaged status | Home library | Current library | Shelving location | Date acquired | Source of acquisition | Total Checkouts | Full call number | Barcode | Date last seen | Price effective from | Koha item type |
|---|---|---|---|---|---|---|---|---|---|---|---|---|---|
| Elizalde Library | Elizalde Library | Teachers Reference Section | 07/04/2005 | TR(GS 420.7 P41 1987 | E9955 | 04/12/2014 | 04/12/2014 | Books |